000 01557nam a2200361 i 4500
001 197933
003 ES-MaACL
005 20251211063021.0
007 ta
008 251105s2024 sp a||||||||| 001 0 spa d
017 _aM 18107-2025
_bOficina Depósito Legal Madrid
020 _a978-84-1067-423-3
040 _aSpMaBN
_bspa
_cSpMaBN
_erda
080 _a530.145
100 1 _aArgüello Luengo, Javier
_9242477
_eaut
245 1 0 _aSimuladores cuánticos :
_bconstruyendo las maquetas del mundo microscópico /
_cJavier Argüello Luengo y Alejandro González Tudela ; prólogo de Juan Ignacio Cirac
264 1 _aMadrid :
_bCatarata;
_bReal Sociedad Española de Física;
_bFundación Ramón Areces,
_c[2025]
264 4 _a©2025
300 _a132 páginas :
_bilustraciones ;
_c22 cm
336 _aTexto
_2rdacontent
337 _asin mediación
_2rdamedia
338 _avolumen
_2rdacarrier
490 0 _aFísica y ciencia para todos
500 _aEjemplar firmado y dedicado por los autores
500 _aÍndice
650 7 _2embne
_914872
_aMecánica cuántica
700 _9242478
_aGonzález Tudela, Alejandro
_eaut
852 _aES-MaACL
_cDEPO1
_jA-15854
_gDedicatoria autógrafa de los autores
_hDonación: Javier Argüello Luengo y Alejandro González Tudela
_xEncuadernación rústica con solapas
_9206973
942 _cMONOGRAFIA
_n0
999 _c197933
_d197933